|
|
|
|
| LEADER |
00000nam0a2200000 4500 |
| 001 |
120298 |
| 005 |
20231101215611.0 |
| 035 |
|
|
|a (RuTPU)RU\TPU\book\130252
|
| 090 |
|
|
|a 120298
|
| 100 |
|
|
|a 20070824d1974 m y0rusy50 ca
|
| 101 |
0 |
|
|a rus
|
| 102 |
|
|
|a RU
|
| 105 |
|
|
|a a j 001zy
|
| 200 |
1 |
|
|a Малярные и обойные работы
|e учебник для начального профессионального образования
|f А. Е. Суржаненко
|
| 205 |
|
|
|a 4-е изд., перераб. и доп.
|
| 210 |
|
|
|a Москва
|c Высшая школа
|d 1974
|
| 215 |
|
|
|a 334с.
|c ил.
|
| 320 |
|
|
|9 572
|a Библиогр.: с. 331
|
| 606 |
1 |
|
|a Малярные работы
|2 stltpush
|3 (RuTPU)RU\TPU\subj\40965
|9 60789
|
| 610 |
1 |
|
|a обойные работы
|
| 610 |
1 |
|
|a отделочные работы
|
| 610 |
1 |
|
|a организация работы
|
| 610 |
1 |
|
|a подмостки
|
| 610 |
1 |
|
|a леса
|
| 610 |
1 |
|
|a штукатурные работы
|
| 610 |
1 |
|
|a ремонтные работы
|
| 610 |
1 |
|
|a окраска
|
| 610 |
1 |
|
|a оборудование
|
| 610 |
1 |
|
|a внутренние поверхности
|
| 610 |
1 |
|
|a водные составы
|
| 610 |
1 |
|
|a дефекты
|
| 610 |
1 |
|
|a покраска
|
| 610 |
1 |
|
|a фасадные работы
|
| 610 |
1 |
|
|a качество
|
| 610 |
1 |
|
|a зимний период
|
| 610 |
1 |
|
|a учебники
|
| 675 |
|
|
|a 698.1(075.3)
|v 3
|
| 700 |
|
1 |
|a Суржаненко
|b А. Е.
|g Анатолий Емельянович
|
| 801 |
|
1 |
|a RU
|b 63413507
|c 20070824
|g PSBO
|
| 801 |
|
2 |
|a RU
|b 63413507
|c 20201116
|g PSBO
|
| 942 |
|
|
|c BK
|